000
00266nam a2200109Ia 4500
008
230907s9999||||xx |||||||||||||| ||und||
082
_a
659.1
_b
BEL
100
_a
Belch, George E.
_9
116035
245
0
_a
Advertising and promotion :
300
_a
pages cm
942
_c
BK
999
_c
600866
_d
600866